Top 10 Universities in Canada 2019 - Statistics

General Stats
  • This quiz has been taken 43 times
  • The average score is 7 of 10
Answer Stats
National Ranking Answer % Correct
3 McGill University
91%
1 University of Toronto
91%
2 University of British Columbia
89%
5 University of Montreal
63%
7 University of Ottawa
63%
9 University of Waterloo
63%
8 University of Calgary
60%
4 McMaster University
57%
10 Western University
57%
6 University of Alberta
49%
No matching quizzes found
Score Distribution
Percent of People with Each Score
Percentile by Number Answered
Your Score History
You have not taken this quiz